Saving Strangers : (Record no. 617202)

MARC details
000 -LEADER
fixed length control field 00491nam a2200193 a 4500
008 - FIXED-LENGTH DATA ELEMENTS--GENERAL INFORMATION
fixed length control field 260307s2000##################000#0#eng##
020 ## - INTERNATIONAL STANDARD BOOK NUMBER
ISBN 9780198296218
082 04 - DEWEY DECIMAL CLASSIFICATION NUMBER
Classification number 327
Item number WHE
100 1# - MAIN ENTRY--AUTHOR NAME
Personal name Wheeler, Nicholas J.,
245 10 - TITLE STATEMENT
Title Saving Strangers :
260 ## - PUBLICATION, DISTRIBUTION, ETC. (IMPRINT)
Name of publisher Oxford University Press,
Year of publication 2000.
300 ## - PHYSICAL DESCRIPTION
Number of Pages 353 pages
650 #0 - SUBJECT ADDED ENTRY--TOPICAL TERM
Topical Term Law.
942 ## - ADDED ENTRY ELEMENTS (KOHA)
Koha item type English Books
Holdings
Withdrawn status Lost status Damaged status Not for loan Home library Current library Shelving location Date acquired Full call number Accession Number Price effective from Koha item type
        Anna Centenary Library Anna Centenary Library 3RD FLOOR, B WING 07.03.2026 327 WHE 290951 07.03.2026 English Books

Find us on the map